Statistiques concernant Retrouvez le mot #1

Cliquez ici pour prendre le quiz!

Statistiques générales

  • Ce quiz a été pris 285 fois
    (162 depuis la dernière actualisation)
  • Le résultat moyen est 57 sur 100

Statistiques - réponses

IndicesMot% Correct
de poing, de foudre, d'ÉtatCoup
97%
tonique, circonflexe, de MarseilleAccent
92%
bancaire, rendu, à reboursCompte
86%
à pêche, à sucre, blancheCanne
85%
de mule, de Turc, brûléeTête
83%
radio, sismique, de chocOnde
80%
d'oreille, de cheveux, de ceintureBoucle
78%
rouge, du Sud, gamméeCroix
78%
électrique, de judo, de risquePrise
78%
de la main, de croix, du zodiaqueSigne
77%
d'araignée, cirée, de maîtreToile
76%
de potes, dessinée, adhésiveBande
74%
d'exclamation, de côté, de suturePoint
74%
à coucher, noire, à airChambre
73%
technique, de paie, bristolFiche
73%
de biche, de nez, noirPied
73%
Eiffel, du monde, de contrôleTour
73%
à mollette, de sol, de voûteClé
72%
de fer, électrique, d'ArianeFil
72%
de terre, de pin, d'AdamPomme
72%
basse, de multiplication, de la loiTable
72%
à jouer, bancaire, routièreCarte
71%
de cuisson, d'immatriculation, tectoniquePlaque
71%
de rhinocéros, de brume, d'abondanceCorne
70%
téléphonique, de métro, de mireLigne
69%
de thon, de nuit, à gantsBoîte
68%
atomique, sexuelle, de peintureBombe
68%
d'accès, vestimentaire, pénalCode
68%
à dos, de couchage, de nœudsSac
68%
solaire, nerveux, d'exploitationSystème
68%
photo, respiratoire, dentaireAppareil
67%
d'allocations familiales, à outils, enregistreuseCaisse
67%
torsadé, de girofle, du spectacleClou
67%
de volet, de rasoir, de fondLame
67%
à laver, à coudre, à sousMachine
67%
digestif, de l'année, de dentifriceTube
67%
Plus, de Panama, déférentCanal
66%
de crayon, de charbon, renfrognéeMine
66%
de société, vidéo, de clésJeu
65%
française, de vipère, de boisLangue
65%
de l'alphabet, recommandée, de motivationLettre
65%
monastique, alphabétique, du jourOrdre
65%
de monnaie, de théâtre, à convictionPièce
65%
du visage, de caractère, d'unionTrait
65%
touristique, archéologique, internetSite
64%
de pain, magique, de sourcierBaguette
62%
azur, d'Auvergne, de travailBleu
62%
d'intérêt, de gravité, commercialCentre
62%
de fleurs, magnétique, lexicalChamp
62%
d'ébène, de cerf, de chênesBois
61%
de cheval, de pie, de ratQueue
61%
à jour, en scène, en demeureMise
60%
de plaisance, d'armes, USBPort
60%
public, après-vente, militaireService
59%
d'équipe, cuisinier, lieuChef
58%
de souris, noir, de mémoireTrou
58%
d'air, de savon, spéculativeBulle
57%
d'amis, polaire, vicieuxCercle
57%
d'yeux, de ciseaux, de lunettesPaire
57%
de loup, de la porte, de CalaisPas
56%
de réglisse, de pèlerin, de skiBâton
55%
du monde, de cheveux, de champagneCoupe
55%
civil, d'esprit, providenceÉtat
55%
de l'orientation, de la vie, horaireSens
55%
persan, vocal, perchéChat
54%
d'oiseau, à poussière, de pouleNid
53%
de papier, d'arbre, de chouFeuille
52%
alimentaire, matrimonial, politiqueRégime
52%
chocolatée, d'immeubles, obliqueBarre
51%
parental, de mathématiques, fiscalContrôle
50%
grise, d'agneau, d'ordinateurSouris
50%
sauvage, noire, de scèneBête
48%
cachée, de rat, contre terreFace
48%
de main, de dollars, de portePoignée
48%
de français, d'eau, de la bourseCours
47%
de fenêtre, photo, supérieurCadre
45%
tactile, de chocolat, de pierreTablette
45%
d'autoroute, de champagne, de cérumenBouchon
44%
arrière, d'escalier, impérialeMarche
43%
de transport, de séjour, onéreuxTitre
43%
sexuel, administratif, manquéActe
42%
de police, d'entretien, mutagèneAgent
42%
céleste, chimique, de métierCorps
40%
de paille, de cuir, italienneBotte
38%
droit, de mer, casséBras
38%
secondaire, papillon, de serreEffet
37%
de croisière, à explosion, de rechercheMoteur
35%
de personnes, de musique, de pressionGroupe
33%
de service, de musique, scolaireNote
32%
d'observation, de radio, professionnelPoste
31%
d'une épée, suisse, champêtreGarde
28%
de cause à effet, amoureuse, internationaleRelation
28%
sympathique, comprimé, du tempsAir
26%
de fer, de croix, de rondeChemin
24%
libre, d'eau, de tensionChute
22%
passager, social, de TroieSiège
22%
physique, de caractère, majeureForce
18%
électrique, d'objets, poilPile
15%
de Paris, de sauvegarde, de l'existencePlan
8%
de glaces, de sable, de soupeMarchand
2%

Distribution des résultats

Percentile par nombre de réponses

% des personnes avec chaque résultat

Votre développement - résultats

Vous n’avez pas pris ce quiz depuis la dernière actualisation